000 nam a22 a 4500
999 _c402802
_d402802
003 BLK
005 20210402104458.0
008 180409b bul|||||r ||||||| ||bul||
040 _aBLK
041 _aFRE
_cFRE
080 _aОбществено управление. Военно изкуство. Военни науки
_b35
_x(44)
_z35(44)
100 _aHauranne, Ernest Duvergier de
_eпърви автор
_9444593
139 _aHauranne, Ernest Duvergier de
245 1 0 _aLa République conservatrice
_cErnest Duvergier de Hauranne
257 _aFRA
260 _bGermer Bailliere
_c1873
_9219264
_aParis
300 _aXII - 304 p.
_c19 cm
380 _a3
490 _9204519
_aBibliothèque d'histoire contemporaine
490 _9435080
_aКолекция Редки и ценни издания
650 0 _9273429
_aФранция - обществено управление
653 7 _9195494
_aрепублика
852 _aРф 873
_bРц
856 4 _qpdf
856 4 _qpdf
942 _cKNG
_n0
_s1
944 _aCR
_c2021-03-25
_kNR
999 _d402802
999 _d402802